| 000 | 00354nam a2200145Ia 4500 | ||
|---|---|---|---|
| 008 | 230312s9999||||xx |||||||||||||| ||und|| | ||
| 020 | _a0-7506-1598-2 | ||
| 082 |
_a618.92853 _bDON-E |
||
| 100 | _aDonohoe;Niall,V | ||
| 245 | 0 | _aEpilepsies of Childhood | |
| 260 |
_bBtterworth _aUSA _c1994 |
||
| 300 | _a340 | ||
| 650 |
_aMedical _vPeadiatric |
||
| 942 | _cBK | ||
| 999 |
_c1793 _d1793 |
||